| 000 | 00680nam a22002297a 4500 | ||
|---|---|---|---|
| 005 | 20170124110033.0 | ||
| 010 | _a535505 | ||
| 020 |
_c00.00 _a245591192 |
||
| 035 | _a535505 | ||
| 037 | _bCen Lib/Ret | ||
| 040 |
_adpl _bEN |
||
| 082 |
_a882.08 _bNIC |
||
| 100 |
_aNicoll, Allardyce _922178 |
||
| 245 |
_aEnglish drama : _cby Allardyce Nicoll _ba modern viewpoint / |
||
| 260 |
_bGeorge G.Harrap & Co. _aLondon _c1968 |
||
| 270 | _a182, High Holborn | ||
| 300 |
_avi,184p. : _c20cm(Hb) _bill. |
||
| 500 | _aIncludes index | ||
| 650 |
_aEnglish drama. _922179 |
||
| 650 |
_aEnglish drama -- History and criticism. _922180 |
||
| 942 |
_2ddc _cEN _h882.08 _mNIC |
||
| 999 |
_c128019 _d128019 |
||